000 00321nam a22001217a 4500
008 160428b xxu||||| |||| 00| 0 eng d
020 _a9780132437110
020 _a0132437112
041 _aeng
080 _a618.2
245 _aChild health nursing:
_cMary Ann Hogan; Judy E. White; Kathleen Falkenstein;
942 _2udc
_cBK
999 _c1666
_d1666